000 00586nam a2200205 a 4500
001 15656
003 CO-ViMGA
008 141112s2004 ck r 000 u spa d
020 _a8403594348
040 _aCO-ViMGA
_bspa
_cCO-ViMGA
082 0 4 _aR914.2 D354g
245 1 0 _aGran Bretaña
260 _aMadríd (E),
_cEl País.Aguilar,
_c1999
300 _a674.p.il.fotos.mapas
490 _aViajes y turismo
650 1 4 _aGRAN BRETAÑA - DESCRIPCIONES Y VIAJES
_922627
650 1 4 _aGRAN BRETAÑA - GUIA TURISTICA
_922628
650 1 4 _aGRAN BRETAÑA - HISTORIA
_97591
942 _2ddc
_cBK
999 _c25834
_d25834